000 00341 a2200145 4500
003 OSt
005 20211229155356.0
008 211229b |||||||| |||| 00| 0 eng d
020 _a9780141439563
040 _cHU
100 _aDAVID TROTTER
_926167
245 _aCHARLES DICKENS GREAT EXPECTATIOONS
300 _a514
942 _2ddc
_cBOOKS
_n0
999 _c25096
_d25096